| 000 | 00584nam a2200205Ia 4500 | ||
|---|---|---|---|
| 001 | b2010-23713 [2526] | ||
| 003 | IT-MiCISF | ||
| 008 | 161014s9999||||xx |||||||||||||| ||und|| | ||
| 040 |
_aIT-MiCISF _cIT-MiCISF |
||
| 041 | _ait | ||
| 100 | _aCollange Christiane | ||
| 245 | 0 | _aIo, tua figlia | |
| 250 | _a1a ed. | ||
| 260 |
_a Milano _bBompiani _c1991 [Edizione originale: 1990] |
||
| 300 | _app. 183 | ||
| 500 | _a / anziani, rapporti-familiari, rapporti-intergenerazionali, figli-adulti, esperienze / | ||
| 650 | _aterza-età | ||
| 942 | _cBK | ||
| 957 | _71 | ||
| 999 |
_a23713 _bsi _g1 _c215509 _d215509 |
||